Syrisch-palästinensische Gottheiten in Ägypten /

محفوظ في:

المؤلف الرئيسي: Stadelmann, Rainer (مؤلف)

التنسيق: كتاب

اللغة: German

منشور في: Leiden : Brill, 1967.

سلاسل: Probleme der Agyptologie ; 5.
PdA ; 5.

الموضوعات:

الوسوم: إضافة وسم

لا توجد وسوم, كن أول من يضع وسما على هذه التسجيلة!

رقم الطلب: DT57 .P92 v.5

LEADER 00697namaa2200253 4500
001 23961
003 OSt
005 20250612090202.0
008 130303s1967 ne b 000 0 ger d
010 |a 68072196 
040 |c ARCE Library 
043 |a f-ua--- 
050 4 |a DT57 .P92 v.5  |b   
100 1 |a Stadelmann, Rainer,   |e author 
245 1 0 |a Syrisch-palästinensische Gottheiten in Ägypten /   |c Rainer Stadelmann. 
264 1 |a Leiden :   |b Brill,   |c 1967. 
300 |a x, 150 pages ;   |c 25 cm. 
490 0 |a Probleme der Agyptologie ;   |v 5. 
490 0 |a PdA ;   |v 5. 
504 |a bibliographical footnotes. 
650 0 |a Gods, Egyptian. 
901 |a reviewed 
942 |c BK  |2 lcc 
999 |c 20878  |d 20878